000 01336cam a2200289 4500
008 030806n2003 000 0 eng u
020 _a0130482218
035 _a(Sirsi) u123213
041 _aeng
050 _a624
_c21
050 _a690
_c18
100 _aNunnally, Stephen W.
245 _aConstruction methods and management
250 _a6th ed.
260 _aNew Jersey
_bPrentice-Hall
_c2003
300 _ax, 563p.
_bill.
_c25cm.
350 _a36.99
520 _aThis American text aimed at both construction professionals and students, comprehensively covers the methods and practices of the construction industry. Part one focuses on earthmoving and heavy construction methods, techniques and equipment. Part two deals with building construction methods, covering foundations and concrete, steel, wood and masonry construction. Part three discusses major construction management topics including planning and scheduling, construction economics, health and safety, equipment maintenance, and productivity and performance.
650 _aCONSTRUCTION METHODS
650 _aBUILT ENVIRONMENT-BUILDING MATERIALS
650 _aGROUND ENGINEERING
650 _aCONSTRUCTION MANAGEMENT
_96230
650 _aCONSTRUCTION EQUIPMENT
650 _aCONSTRUCTION TECHNIQUES
690 _aBUILT ENVIRONMENT
942 _n0
999 _c103017
_d103017